<?xml version="1.0" encoding="UTF-8"?>
<collection xmlns="http://www.loc.gov/MARC21/slim">
 <record>
  <leader>01196nam a22002057a 4500</leader>
  <controlfield tag="001">NCT_81476</controlfield>
  <controlfield tag="008">200612b        xxu||||| |||| 00| 0 vie d</controlfield>
  <datafield tag="999" ind1=" " ind2=" ">
   <subfield code="c">4001</subfield>
   <subfield code="d">4001</subfield>
  </datafield>
  <datafield tag="020" ind1=" " ind2=" ">
   <subfield code="a">9786048991425</subfield>
   <subfield code="c">115000</subfield>
  </datafield>
  <datafield tag="082" ind1="0" ind2="4">
   <subfield code="2">23rd ed.</subfield>
   <subfield code="a">153.69</subfield>
   <subfield code="b">W721</subfield>
  </datafield>
  <datafield tag="100" ind1="1" ind2=" ">
   <subfield code="a">Williams, Greg</subfield>
  </datafield>
  <datafield tag="245" ind1="1" ind2="0">
   <subfield code="a">Ngôn ngữ cơ thể bí quyết chiến thắng trong mọi cuộc đàm phán =</subfield>
   <subfield code="b">Body language secrets to win more negotiations</subfield>
   <subfield code="c">Greg Williams ; Nguyễn Thanh Nhàn (dịch)</subfield>
  </datafield>
  <datafield tag="260" ind1=" " ind2=" ">
   <subfield code="a">H.</subfield>
   <subfield code="b">Hồng đức</subfield>
   <subfield code="c">2019</subfield>
  </datafield>
  <datafield tag="300" ind1=" " ind2=" ">
   <subfield code="a">350 tr.</subfield>
   <subfield code="c">21cm</subfield>
  </datafield>
  <datafield tag="520" ind1="3" ind2=" ">
   <subfield code="a">Sách sẽ hỗ trợ bạn tăng cường kiến thức về khả năng biểu đạt cảm xúc, những nút nóng về cảm xúc trong đàm phán công việc cũng như nâng cao khả năng đọc hiểu ngôn ngữ cơ thể trên bàn đàm phán.</subfield>
  </datafield>
  <datafield tag="653" ind1=" " ind2=" ">
   <subfield code="a">Quan hệ công chúng (PR)</subfield>
  </datafield>
  <datafield tag="700" ind1="1" ind2=" ">
   <subfield code="a">Nguyễn Thanh Nhàn</subfield>
   <subfield code="e">Dịch</subfield>
  </datafield>
  <datafield tag="942" ind1=" " ind2=" ">
   <subfield code="2">ddc</subfield>
   <subfield code="c">BK</subfield>
  </datafield>
  <datafield tag="952" ind1=" " ind2=" ">
   <subfield code="0">0</subfield>
   <subfield code="1">0</subfield>
   <subfield code="2">ddc</subfield>
   <subfield code="4">0</subfield>
   <subfield code="6">153_690000000000000_W721</subfield>
   <subfield code="7">0</subfield>
   <subfield code="9">19807</subfield>
   <subfield code="a">000001</subfield>
   <subfield code="b">000001</subfield>
   <subfield code="d">2020-06-12</subfield>
   <subfield code="o">153.69 W721</subfield>
   <subfield code="p">MD.11016</subfield>
   <subfield code="r">2020-06-12</subfield>
   <subfield code="v">115000.00</subfield>
   <subfield code="w">2020-06-12</subfield>
   <subfield code="y">BK</subfield>
  </datafield>
  <datafield tag="980" ind1=" " ind2=" ">
   <subfield code="a">Thư viện Trường Đại học Nam Cần Thơ</subfield>
  </datafield>
 </record>
</collection>
